| 000 | 00560cam a2200205ua 4500 | ||
|---|---|---|---|
| 001 | 6813 | ||
| 008 | 140219n ii |||gr||||Z||||||eng | ||
| 040 | _cMAIN | ||
| 082 | _a346.07 | ||
| 245 |
_aCommercial law : _bIncluding company law / _cBy Arun kumar Sen . |
||
| 250 | _a14th rev. ed. | ||
| 260 |
_aCalcutta: _bThe world press private ltd, _c1977. |
||
| 300 | _axv,573p. | ||
| 653 | _aPrivate law | ||
| 653 | _aCommercial law : | ||
| 653 | _aCommerce | ||
| 700 |
_aSen,Arun Kumar, _eAuthor., |
||
| 700 |
_aMitra,Jitendra Kumar, _eAuthor. |
||
| 942 | _cBK | ||
| 999 |
_c5961 _d5961 |
||